000 00329nam a2200133Ia 4500
100 _aQuatrani/Terry/ Palistrant J
942 _cBK
245 _aVisual modeling with IBM Ratioanal Software architecture and UML
260 _bPearson Education
_c2006
082 _a5.12
_bQUA
300 _a193
546 _aENGLISH
999 _c19481
_d19481